000
00302nam a22001337a 4500
008
180206b xxu||||| |||| 00| 0 eng d
020
_a
9780878408399
041
_a
eng
080
_a
34
100
_a
14
101
_a
JUR
245
_a
Law an introduction and bioethics
_c
Menikoff,J
942
_2
udc
_c
BK
999
_c
41914
_d
41914